000
00234nam a2200121Ia 4500
100
_a
None
942
_c
BK
654
_a
Word Star
245
_a
Word Star
260
_b
N C C Publications
_a
Bombay
300
_a
19
546
_a
ENGLISH
999
_c
30650
_d
30650